000 00450nam a2200181Ia 4500
001 20129
005 20260306172743.0
008 260306t2011||||xx |||||||||||||| ||spa||
041 _aESP
082 _a342.52
_bA151
100 _aAmbos, Kai
_eAUT
245 0 _aEnsayos actuales sobre derecho penal internacional y europeo
260 _c2011
300 _a574 páginas :
_c24 cm.
650 _aGEN
654 _aCDE
942 _cLIB
_dJUS
_fJUS
_2ddc
_n
999 _c20129
_d20129